<?xml version="1.0" encoding="UTF-8"?>
<record
    xmlns:xsi="http://www.w3.org/2001/XMLSchema-instance"
    xsi:schemaLocation="http://www.loc.gov/MARC21/slim http://www.loc.gov/standards/marcxml/schema/MARC21slim.xsd"
    xmlns="http://www.loc.gov/MARC21/slim">

  <leader>01744nam a22002417a 4500</leader>
  <controlfield tag="003">AR-BeUNQ</controlfield>
  <controlfield tag="005">20250415193647.0</controlfield>
  <controlfield tag="008">250415b20192025spa    erpnf|s00| 0 spa d</controlfield>
  <datafield tag="020" ind1=" " ind2=" ">
    <subfield code="a">9789875586000</subfield>
  </datafield>
  <datafield tag="040" ind1=" " ind2=" ">
    <subfield code="a">AR-BeUNQ</subfield>
    <subfield code="b">spa</subfield>
    <subfield code="c">AR-BeUNQ</subfield>
    <subfield code="e">aacr</subfield>
  </datafield>
  <datafield tag="082" ind1=" " ind2=" ">
    <subfield code="2">21</subfield>
    <subfield code="a"> 616  CAL</subfield>
  </datafield>
  <datafield tag="100" ind1="1" ind2="0">
    <subfield code="a">Caletti, Sergio</subfield>
    <subfield code="c">aut.</subfield>
    <subfield code="d">1947</subfield>
  </datafield>
  <datafield tag="245" ind1=" " ind2=" ">
    <subfield code="a">Ariadna. </subfield>
    <subfield code="b">Para una teoria de comunicaci&#xF2;n</subfield>
    <subfield code="c">Sergio Caletti.</subfield>
    <subfield code="h">libro</subfield>
  </datafield>
  <datafield tag="250" ind1=" " ind2=" ">
    <subfield code="a">1a.ed</subfield>
  </datafield>
  <datafield tag="260" ind1=" " ind2=" ">
    <subfield code="a">Bernal :</subfield>
    <subfield code="b">Universidad Nacional de Quilmes,</subfield>
    <subfield code="c">2019</subfield>
  </datafield>
  <datafield tag="300" ind1=" " ind2=" ">
    <subfield code="a">336 p. ; </subfield>
    <subfield code="c">20 cm</subfield>
  </datafield>
  <datafield tag="490" ind1=" " ind2=" ">
    <subfield code="a">Comunicaci&#xF2;n y Cultura</subfield>
  </datafield>
  <datafield tag="500" ind1=" " ind2=" ">
    <subfield code="a">Te&#xF3;rico de la comunicaci&#xF3;n, periodista y docente, Sergio Caletti ejerci&#xF3; como Profesor de Universidades de nuestro pa&#xED;s como Buenos Aires, La Plata, Entre R&#xED;os y nuestra Universidad de Quilmes y tambi&#xE9;n en M&#xE9;xico, pa&#xED;s que lo recibi&#xF3; en su exilio. 
Fue uno de los fundadores de la carrera de Ciencias de la Comunicaci&#xF3;n de la Universidad de Buenos Aires, donde se desempe&#xF1;&#xF3; como profesor titular de Teor&#xED;a de la Comunicaci&#xF3;n III, desde donde sistematiz&#xF3; la historia, los debates y enfoques del campo disciplinar, y desde donde identific&#xF3; los aportes de nuestro continente. Su trayectoria y referencia, lo depositaron como Decano de la Facultad de Ciencias Sociales de la Universidad de Buenos Aires entre 2010 y 2014. 
Sus aportes te&#xF3;ricos no s&#xF3;lo se focalizan en sus esfuerzos por repensar el espacio de lo p&#xFA;blico y las relaciones entre los medios, la pol&#xED;tica, las identidades y la cultura. Sino tambi&#xE9;n lo que trae aparejada la globalizaci&#xF3;n y la composici&#xF3;n de las nuevas ciudadan&#xED;as.</subfield>
  </datafield>
  <datafield tag="650" ind1=" " ind2=" ">
    <subfield code="a">Comunicaci&#xF2;n</subfield>
    <subfield code="2">spines</subfield>
  </datafield>
  <datafield tag="651" ind1=" " ind2=" ">
    <subfield code="a">Argentina</subfield>
    <subfield code="2">unescot</subfield>
  </datafield>
  <datafield tag="929" ind1=" " ind2=" ">
    <subfield code="a">DONACION</subfield>
    <subfield code="b">Nota la pie</subfield>
    <subfield code="c">0</subfield>
    <subfield code="d">0</subfield>
    <subfield code="e">2020</subfield>
    <subfield code="f">PAT0083091</subfield>
    <subfield code="j">61625</subfield>
  </datafield>
  <datafield tag="942" ind1=" " ind2=" ">
    <subfield code="c">LIB</subfield>
  </datafield>
  <datafield tag="999" ind1=" " ind2=" ">
    <subfield code="c">1249</subfield>
    <subfield code="d">1249</subfield>
  </datafield>
  <datafield tag="952" ind1=" " ind2=" ">
    <subfield code="0">0</subfield>
    <subfield code="1">0</subfield>
    <subfield code="a">BIBESET</subfield>
    <subfield code="b">BIBESET</subfield>
    <subfield code="c">circulacion</subfield>
    <subfield code="d">2025-04-15</subfield>
    <subfield code="l">0</subfield>
    <subfield code="o">616 CAL</subfield>
    <subfield code="p">61625</subfield>
    <subfield code="r">2025-04-15</subfield>
    <subfield code="w">2025-04-15</subfield>
    <subfield code="y">LIB</subfield>
    <subfield code="k">GA</subfield>
  </datafield>
</record>
